Educación teológica por extensión II (Registro nro. 51649)
[ vista simple ]
| 000 -LÍDER | |
|---|---|
| Campo fijo de descripción fija | 01037aab a2200205 i 4500 |
| 001 - NÚMERO DE CONTROL | |
| Campo de control | 768714001 |
| 003 - IDENTIFICADOR DEL NÚMERO DE CONTROL | |
| Campo de control | CO-MdFUSB |
| 005 - FECHA Y HORA DE LA ULTIMA TRANSACCIÓN | |
| control field | 20240422091632.0 |
| 008 - ELEMENTOS DE LONGITUD FIJA -- INFORMACIÓN GENERAL | |
| Campo fijo de descripción fija -- Información general | 240417t1986 ag ||||| |||| 00| 0 spa d |
| 040 ## - FUENTE DE CATALOGACIÓN | |
| Idioma de catalogación | spa |
| Agencia que realiza la transcripción | CO-MdFUSB |
| 041 ## - CÓDIGO DE IDIOMA | |
| Código de idioma para texto/pista de sonido o título separado | spa |
| 100 1# - ASIENTO PRINCIPAL--NOMBRE PERSONAL | |
| Nombre personal | Zukowski de Ramírez, Elvira Ester |
| Término relacionador | autor |
| 245 ## - TÍTULO | |
| Título | Educación teológica por extensión II |
| Mención de responsabilidad | / Elvira Ester Zukowski de Ramírez |
| 300 ## - DESCRIPCIÓN FÍSICA | |
| Extensión | Volumen 5, número 1, (marzo, 1986), páginas: 32 - 33 |
| Dimensiones | ; 27 cm |
| 520 ## - NOTA DE RESUMEN, ETC. | |
| Nota de sumario, etc. | El tema de la Educación Teológica por Extensión (E.Τ.Ε.). Primero, esbozamos algunos de los problemas causados por la educación teológica tradicional. Ahora toca explicar en qué consiste la nueva variante. Intentaremos describir sus propósitos principales y algunas posibilidades de aplicación en situaciones especiales. |
| 650 #7 - ASIENTO SECUNDARIO DE MATERIA - TERMINO TEMÁTICO | |
| Término temático o nombre geográfico como elemento de entrada | Educación cristiana |
| 9 (RLIN) | 349 |
| 650 #7 - ASIENTO SECUNDARIO DE MATERIA - TERMINO TEMÁTICO | |
| Término temático o nombre geográfico como elemento de entrada | Teología doctrinal |
| 9 (RLIN) | 179 |
| 773 0# - ASIENTO DE ITEM FUENTE | |
| Título | Iglesia y Misión |
| Biblionumber | 49402 |
| Itemnumber | 59679 |
| Parte(s) relacionada(s) / Volumen., número. (mes año), páginas | Volumen 5, número 1, (marzo, 1986), páginas: 32 - 33 |
| Enumeración y primera página | página: 32 |
| 942 ## - TIPO DE MATERIAL (KOHA) | |
| Tipo de Item KOHA | Artículos de Revista |
No hay ítems disponibles.
